000 00543nam a22001697a 4500
003 NUST
038 _aNusrat Nadeem
082 _a200
100 _aNaeem, Ayesha
_935273
245 _aAutomated detection of Glaucoma Using SegNet and Ensemble Learning/
_cAyesha Naeem,
264 _aIslamabad;
_bSEECS NUST;
_c2024.
300 _a63,p;
_bill;
_c30,cm.
650 _aMS- Information Technology
_926924
700 _aSupervisor: Dr. Farzana Jabeen
_9120299
856 _uhttp://10.250.8.41:8080/xmlui/handle/123456789/45356
942 _2ddc
_cSC
999 _c610873
_d610873